000
00318nam a2200133Ia 4500
005
20260328101515.0
008
260328s9999||||xx |||||||||||||| ||und||
100
_a
Roth, Alfred
245
4
_a
The New school /
_c
Alfred Roth
260
_b
Girsberger
300
_a
223 p.
650
_a
ARQUITECTURA - CULTURA
942
_c
BK
999
_c
9343
_d
9343